[Event "T-Director's Swiss sytem"]
[Site "playchess.com #662980"]
[Date "2014.03.16"]
[Round "5"]
[White "Kingston Town"]
[Black "Thej"]
[Result "0-1"]
[WhiteElo "2058"]
[BlackElo "2282"]
[PlyCount "162"]
[EventDate "2014.03.16"]
[EventType "swiss (blitz)"]

1. d4 {[%emt 0:00:02]} d5 {[%emt 0:00:04]} 2. c4 {[%emt 0:00:02]} e5 {[%emt 0:
00:01]} 3. dxe5 {[%emt 0:00:02]} d4 {[%emt 0:00:01]} 4. a3 {[%emt 0:00:01]} Nc6
{[%emt 0:00:02]} 5. e3 {[%emt 0:00:02]} Bf5 {[%emt 0:00:12]} 6. Nf3 {[%emt 0:
00:14]} dxe3 {[%emt 0:00:11]} 7. Qxd8+ {[%emt 0:00:03]} Rxd8 {[%emt 0:00:04]}
8. Bxe3 {[%emt 0:00:00]} Nge7 {[%emt 0:00:09]} 9. Nc3 {[%emt 0:00:37]} Bg4 {
[%emt 0:00:09]} 10. Be2 {[%emt 0:00:21]} Ng6 {[%emt 0:00:04]} 11. Nd5 {[%emt 0:
00:04]} Rd7 {[%emt 0:00:03]} 12. O-O-O {[%emt 0:00:10]} Bxf3 {[%emt 0:00:07]}
13. gxf3 {[%emt 0:00:04]} Ngxe5 {[%emt 0:00:03]} 14. f4 {[%emt 0:00:01]} Ng6 {
[%emt 0:00:23]} 15. Bg4 {[%emt 0:00:05]} Bd6 {[%emt 0:00:06]} 16. Bxd7+ {[%emt
0:00:03]} Kxd7 {[%emt 0:00:04]} 17. c5 {[%emt 0:00:00]} Bf8 {[%emt 0:00:03]}
18. Nb4+ {[%emt 0:00:14]} Kc8 {[%emt 0:00:07]} 19. Nxc6 {[%emt 0:00:01]} bxc6 {
[%emt 0:00:01]} 20. Rhe1 {[%emt 0:00:01]} f5 {[%emt 0:00:09]} 21. b4 {[%emt 0:
00:10]} Be7 {[%emt 0:00:04]} 22. Rd3 {[%emt 0:00:06]} Bf6 {[%emt 0:00:08]} 23.
Red1 {[%emt 0:00:01]} Re8 {[%emt 0:00:04]} 24. Kc2 {[%emt 0:00:07]} a6 {[%emt
0:00:03]} 25. Kb3 {[%emt 0:00:08]} Re4 {[%emt 0:00:02]} 26. f3 {[%emt 0:00:02]}
Re8 {[%emt 0:00:03]} 27. Kc4 {[%emt 0:00:05]} Kb7 {[%emt 0:00:05]} 28. a4 {
[%emt 0:00:01]} Re6 {[%emt 0:00:05]} 29. Rb1 {[%emt 0:00:09]} Ne7 {[%emt 0:00:
04]} 30. b5 {[%emt 0:00:02]} cxb5+ {[%emt 0:00:03]} 31. axb5 {[%emt 0:00:01]}
axb5+ {[%emt 0:00:00]} 32. Rxb5+ {[%emt 0:00:03]} Kc8 {[%emt 0:00:01]} 33. Bd4
{[%emt 0:00:24]} Bxd4 {[%emt 0:00:04]} 34. Kxd4 {[%emt 0:00:03]} Re1 {[%emt 0:
00:08]} 35. Kc4 {[%emt 0:00:19]} Nc6 {[%emt 0:00:15]} 36. Kd5 {[%emt 0:00:08]}
Ne7+ {[%emt 0:00:07]} 37. Kc4 {[%emt 0:00:10]} Nc6 {[%emt 0:00:01]} 38. Kc3 {
[%emt 0:00:01]} Re2 {[%emt 0:00:09]} 39. Rb2 {[%emt 0:00:03]} Re1 {[%emt 0:00:
04]} 40. Kd2 {[%emt 0:00:17]} Rh1 {[%emt 0:00:07]} 41. Ke3 {[%emt 0:00:03]} Rc1
{[%emt 0:00:02]} 42. Rd5 {[%emt 0:00:04]} g6 {[%emt 0:00:03]} 43. Rbd2 {[%emt
0:00:04]} Rc3+ {[%emt 0:00:05]} 44. Kf2 {[%emt 0:00:04]} Rc4 {[%emt 0:00:02]}
45. Kg3 {[%emt 0:00:02]} Rc3 {[%emt 0:00:01]} 46. Rd7 {[%emt 0:00:04]} Rxc5 {
[%emt 0:00:18]} 47. Rxh7 {[%emt 0:00:03]} Nb4 {[%emt 0:00:03]} 48. Rg7 {[%emt
0:00:03]} Rc6 {[%emt 0:00:01]} 49. Rg8+ {[%emt 0:00:06]} Kb7 {[%emt 0:00:02]}
50. Rb2 {[%emt 0:00:01]} Rb6 {[%emt 0:00:01]} 51. Kh4 {[%emt 0:00:08]} c5 {
[%emt 0:00:11]} 52. Kg5 {[%emt 0:00:03]} c4 {[%emt 0:00:02]} 53. Rxg6 {[%emt 0:
00:05]} Rb5 {[%emt 0:00:01]} 54. Re6 {[%emt 0:00:38]} c3 {[%emt 0:00:03]} 55.
Re5 {[%emt 0:00:01]} Rb6 {[%emt 0:00:10]} 56. Rxb4 {[%emt 0:00:16]} Rxb4 {
[%emt 0:00:03]} 57. Rc5 {[%emt 0:00:00]} Rb3 {[%emt 0:00:02]} 58. h4 {[%emt 0:
00:01]} Kb6 {[%emt 0:00:02]} 59. Rc4 {[%emt 0:00:03]} Kb5 {[%emt 0:00:03]} 60.
Rc8 {[%emt 0:00:02]} Kb4 {[%emt 0:00:02]} 61. h5 {[%emt 0:00:01]} Rb1 {[%emt 0:
00:01]} 62. h6 {[%emt 0:00:01]} Rh1 {[%emt 0:00:02]} 63. Kg6 {[%emt 0:00:03]}
Rg1+ {[%emt 0:00:02]} 64. Kf6 {[%emt 0:00:04]} Rh1 {[%emt 0:00:02]} 65. Kg7 {
[%emt 0:00:06]} Rg1+ {[%emt 0:00:02]} 66. Kf8 {[%emt 0:00:12]} Rh1 {[%emt 0:00:
05]} 67. Rc6 {[%emt 0:00:02]} Kb3 {[%emt 0:00:06]} 68. Kg7 {[%emt 0:00:02]}
Rg1+ {[%emt 0:00:02]} 69. Kf8 {[%emt 0:00:06]} Rh1 {[%emt 0:00:04]} 70. Kg7 {
[%emt 0:00:18]} Rg1+ {[%emt 0:00:02]} 71. Kh8 {[%emt 0:00:02]} c2 {[%emt 0:00:
06]} 72. h7 {[%emt 0:00:03]} Kb2 {[%emt 0:00:04]} 73. Rb6+ {[%emt 0:00:10]} Kc3
{[%emt 0:00:03] '} 74. Rc6+ {[%emt 0:00:01]} Kd3 {[%emt 0:00:01]} 75. Rd6+ {
[%emt 0:00:02]} Ke3 {[%emt 0:00:02]} 76. Rc6 {[%emt 0:00:00]} c1=Q {[%emt 0:00:
04]} 77. Rxc1 {[%emt 0:00:02]} Rxc1 {[%emt 0:00:00]} 78. Kg7 {[%emt 0:00:01]}
Rg1+ {[%emt 0:00:01]} 79. Kf8 {[%emt 0:00:02]} Rh1 {[%emt 0:00:01]} 80. Kg7 {
[%emt 0:00:01]} Kxf3 {[%emt 0:00:01]} 81. h8=Q {[%emt 0:00:02]} Rxh8 {[%emt 0:
00:01] Kingston Town resigns} 0-1

[Event "T-Director's Swiss sytem"]
[Site "playchess.com #662980"]
[Date "2014.03.16"]
[Round "8"]
[White "Kingston Town"]
[Black "dusica"]
[Result "0-1"]
[WhiteElo "2028"]
[BlackElo "1716"]
[PlyCount "90"]
[EventDate "2014.03.16"]
[EventType "swiss (blitz)"]

1. d4 {[%emt 0:00:01]} d5 {[%emt 0:00:07]} 2. c4 {[%emt 0:00:02]} e5 {[%emt 0:
00:02]} 3. dxe5 {[%emt 0:00:02]} d4 {[%emt 0:00:01]} 4. a3 {[%emt 0:00:00]} Nc6
{[%emt 0:00:02]} 5. e3 {[%emt 0:00:01]} dxe3 {[%emt 0:00:04]} 6. Bxe3 {[%emt 0:
00:02]} Qxd1+ {[%emt 0:00:03]} 7. Kxd1 {[%emt 0:00:04]} Bg4+ {[%emt 0:00:03]}
8. f3 {[%emt 0:00:03]} O-O-O+ {[%emt 0:00:01]} 9. Ke1 {[%emt 0:00:07]} Bf5 {
[%emt 0:00:03]} 10. f4 {[%emt 0:00:02]} f6 {[%emt 0:00:02]} 11. exf6 {[%emt 0:
00:02]} Nxf6 {[%emt 0:00:04]} 12. h3 {[%emt 0:00:00]} h5 {[%emt 0:00:02]} 13.
Nc3 {[%emt 0:00:03]} Bd6 {[%emt 0:00:02]} 14. Nf3 {[%emt 0:00:03]} Rhe8 {[%emt
0:00:02]} 15. Kf2 {[%emt 0:00:04]} Ne4+ {[%emt 0:00:12]} 16. Nxe4 {[%emt 0:00:
03]} Bxe4 {[%emt 0:00:02]} 17. Ng5 {[%emt 0:00:04]} Bg6 {[%emt 0:00:08]} 18.
Be2 {[%emt 0:00:05]} Be7 {[%emt 0:00:06]} 19. Nf3 {[%emt 0:00:06]} Bf6 {[%emt
0:00:02]} 20. Rab1 {[%emt 0:00:05]} Bd3 {[%emt 0:00:05]} 21. Bxd3 {[%emt 0:00:
06]} Rxd3 {[%emt 0:00:02]} 22. Rhe1 {[%emt 0:00:01]} Rb3 {[%emt 0:00:12]} 23.
Re2 {[%emt 0:00:03]} Rd8 {[%emt 0:00:06]} 24. g4 {[%emt 0:00:15]} hxg4 {[%emt
0:00:05]} 25. hxg4 {[%emt 0:00:00]} Rdd3 {[%emt 0:00:02]} 26. g5 {[%emt 0:00:
01]} Bd4 {[%emt 0:00:02]} 27. Nxd4 {[%emt 0:00:05]} Nxd4 {[%emt 0:00:03]} 28.
Bxd4 {[%emt 0:00:27]} Rxd4 {[%emt 0:00:02]} 29. Re3 {[%emt 0:00:05]} Rxf4+ {
[%emt 0:00:03]} 30. Ke2 {[%emt 0:00:01]} Rxe3+ {[%emt 0:00:01]} 31. Kxe3 {
[%emt 0:00:02]} Rg4 {[%emt 0:00:01] Kingston Town offers a draw} 32. Kd3 {
[%emt 0:00:11]} Rxg5 {[%emt 0:00:02]} 33. Kc3 {[%emt 0:00:03]} Rg2 {[%emt 0:00:
06]} 34. Rf1 {[%emt 0:00:03]} g5 {[%emt 0:00:02]} 35. Rf7 {[%emt 0:00:02]} g4 {
[%emt 0:00:03]} 36. Rg7 {[%emt 0:00:01]} Rg1 {[%emt 0:00:02]} 37. Kb4 {[%emt 0:
00:25]} g3 {[%emt 0:00:03]} 38. b3 {[%emt 0:00:01]} b6 {[%emt 0:00:02]} 39. Kb5
{[%emt 0:00:04]} Kb7 {[%emt 0:00:01]} 40. b4 {[%emt 0:00:02]} a6+ {[%emt 0:00:
03]} 41. Ka4 {[%emt 0:00:01]} g2 {[%emt 0:00:03]} 42. Rg6 {[%emt 0:00:04]} Kc8
{[%emt 0:00:07]} 43. Rg7 {[%emt 0:00:04]} Kd8 {[%emt 0:00:04]} 44. b5 {[%emt 0:
00:23]} a5 {[%emt 0:00:03]} 45. c5 {[%emt 0:00:01]} bxc5 {[%emt 0:00:09]
Kingston Town resigns  (Lag: Av=1.32s, max=4.1s)} 0-1

[Event "T-Director's Swiss sytem"]
[Site "playchess.com #662980"]
[Date "2014.03.16"]
[Round "5"]
[White "Kokkinoskoufitsa"]
[Black "Erkin Karaokcu"]
[Result "1/2-1/2"]
[WhiteElo "2134"]
[BlackElo "1973"]
[PlyCount "51"]
[EventDate "2014.03.16"]
[EventType "swiss (blitz)"]

1. d4 {[%emt 0:00:05]} Nf6 {[%emt 0:00:02]} 2. c4 {[%emt 0:00:02]} c5 {[%emt 0:
00:01]} 3. d5 {[%emt 0:00:01]} e6 {[%emt 0:00:00]} 4. Nc3 {[%emt 0:00:02]} exd5
{[%emt 0:00:01]} 5. cxd5 {[%emt 0:00:00]} d6 {[%emt 0:00:01]} 6. e4 {[%emt 0:
00:00]} g6 {[%emt 0:00:01]} 7. f4 {[%emt 0:00:00]} Bg7 {[%emt 0:00:01]} 8. Bb5+
{[%emt 0:00:00]} Nfd7 {[%emt 0:00:01]} 9. Nf3 {[%emt 0:00:03]} a6 {[%emt 0:00:
03]} 10. Bd3 {[%emt 0:00:01]} b5 {[%emt 0:00:01]} 11. a3 {[%emt 0:00:02]} O-O {
[%emt 0:00:04]} 12. O-O {[%emt 0:00:01]} c4 {[%emt 0:00:09]} 13. Bc2 {[%emt 0:
00:13]} Nc5 {[%emt 0:00:02]} 14. f5 {[%emt 0:00:02]} Nbd7 {[%emt 0:00:11]} 15.
Bg5 {[%emt 0:00:04]} Bf6 {[%emt 0:00:11]} 16. Qd2 {[%emt 0:00:43]} Bb7 {[%emt
0:00:31]} 17. Kh1 {[%emt 0:00:17]} Qe7 {[%emt 0:00:12]} 18. Rf2 {[%emt 0:00:42]
} Rae8 {[%emt 0:00:21]} 19. Raf1 {[%emt 0:00:05]} Ne5 {[%emt 0:00:47]} 20. Bh6
{[%emt 0:00:31]} Ng4 {[%emt 0:00:26]} 21. Re2 {[%emt 0:00:14]} Nxh6 {[%emt 0:
00:03]} 22. Qxh6 {[%emt 0:00:00]} Bg7 {[%emt 0:00:06]} 23. Qh3 {[%emt 0:00:03]}
Bc8 {[%emt 0:00:28]} 24. g4 {[%emt 0:00:03]} Nd3 {[%emt 0:00:57]} 25. Bxd3 {
[%emt 0:00:15]} cxd3 {[%emt 0:00:00]} 26. Re3 {[%emt 0:00:04] Kokkinoskoufitsa
offers a draw} 1/2-1/2

[Event "T-Director's Swiss sytem"]
[Site "playchess.com #662980"]
[Date "2014.03.16"]
[Round "8"]
[White "Kokkinoskoufitsa"]
[Black "Haapana"]
[Result "1-0"]
[WhiteElo "2144"]
[BlackElo "2084"]
[PlyCount "49"]
[EventDate "2014.03.16"]
[EventType "swiss (blitz)"]

1. d4 {[%emt 0:00:03]} Nf6 {[%emt 0:00:03]} 2. c4 {[%emt 0:00:01]} g6 {[%emt 0:
00:01]} 3. Nc3 {[%emt 0:00:04]} Bg7 {[%emt 0:00:01]} 4. e4 {[%emt 0:00:02]} d6
{[%emt 0:00:01]} 5. Be2 {[%emt 0:00:05]} Na6 {[%emt 0:00:04]} 6. Bg5 {[%emt 0:
00:09]} O-O {[%emt 0:00:28]} 7. Nf3 {[%emt 0:00:14]} h6 {[%emt 0:00:40]} 8. Be3
{[%emt 0:00:04]} e5 {[%emt 0:00:21]} 9. d5 {[%emt 0:00:13]} Ng4 {[%emt 0:00:22]
} 10. Bc1 {[%emt 0:00:12]} f5 {[%emt 0:00:01]} 11. exf5 {[%emt 0:00:17]} gxf5 {
[%emt 0:00:05]} 12. g3 {[%emt 0:00:04]} Qe8 {[%emt 0:00:45]} 13. Nh4 {[%emt 0:
00:06]} Nf6 {[%emt 0:00:02]} 14. Qc2 {[%emt 0:00:20]} Nc5 {[%emt 0:00:33]} 15.
Be3 {[%emt 0:00:23]} Nce4 {[%emt 0:00:05]} 16. Nxe4 {[%emt 0:00:13]} Nxe4 {
[%emt 0:01:32]} 17. f3 {[%emt 0:00:08]} Ng5 {[%emt 0:00:04]} 18. O-O-O {[%emt
0:00:03]} f4 {[%emt 0:00:02]} 19. Bf2 {[%emt 0:00:06]} Bd7 {[%emt 0:00:17]} 20.
Rhe1 {[%emt 0:00:19] .} Qf7 {[%emt 0:00:01]} 21. gxf4 {[%emt 0:00:06]} Qxf4+ {
[%emt 0:00:08]} 22. Kb1 {[%emt 0:00:06]} Qxh2 {[%emt 0:00:03]} 23. Bd3 {[%emt
0:00:08]} Nxf3 {[%emt 0:00:05]} 24. Rh1 {[%emt 0:00:11]} Nd4 {[%emt 0:00:03]}
25. Rxh2 {[%emt 0:00:04] Haapana resigns} 1-0

[Event "T-Director's Swiss sytem"]
[Site "playchess.com #662980"]
[Date "2014.03.16"]
[Round "7"]
[White "Kokkinoskoufitsa"]
[Black "Jorden"]
[Result "0-1"]
[WhiteElo "2149"]
[BlackElo "2478"]
[PlyCount "86"]
[EventDate "2014.03.16"]
[EventType "swiss (blitz)"]

1. d4 {[%emt 0:00:07]} d5 {[%emt 0:00:01]} 2. c4 {[%emt 0:00:07]} c6 {[%emt 0:
00:02]} 3. cxd5 {[%emt 0:00:07]} cxd5 {[%emt 0:00:02]} 4. Bf4 {[%emt 0:00:00]}
Nc6 {[%emt 0:00:03]} 5. e3 {[%emt 0:00:01]} Nf6 {[%emt 0:00:03]} 6. Nc3 {[%emt
0:00:00]} Bg4 {[%emt 0:00:08]} 7. Qb3 {[%emt 0:00:06]} Qd7 {[%emt 0:00:05]} 8.
h3 {[%emt 0:00:11]} Bh5 {[%emt 0:00:03]} 9. g4 {[%emt 0:00:32]} Bg6 {[%emt 0:
00:02]} 10. g5 {[%emt 0:00:02]} Nh5 {[%emt 0:00:18]} 11. Nge2 {[%emt 0:00:19]}
Nxf4 {[%emt 0:00:05]} 12. Nxf4 {[%emt 0:00:02]} e6 {[%emt 0:00:00]} 13. h4 {
[%emt 0:00:09]} Bd6 {[%emt 0:00:08]} 14. Nxg6 {[%emt 0:00:23]} hxg6 {[%emt 0:
00:02]} 15. f4 {[%emt 0:00:02]} a6 {[%emt 0:00:08]} 16. Bd3 {[%emt 0:00:07]} b5
{[%emt 0:00:13]} 17. a4 {[%emt 0:00:13]} b4 {[%emt 0:00:05]} 18. Nb1 {[%emt 0:
00:04]} Na5 {[%emt 0:00:07]} 19. Qd1 {[%emt 0:00:04]} Nc4 {[%emt 0:00:05]} 20.
Qe2 {[%emt 0:00:04]} b3 {[%emt 0:00:24]} 21. Bxc4 {[%emt 0:00:34]} dxc4 {[%emt
0:00:04]} 22. Nd2 {[%emt 0:00:09]} Qc6 {[%emt 0:00:05]} 23. Kf2 {[%emt 0:00:03]
} c3 {[%emt 0:00:41]} 24. bxc3 {[%emt 0:00:20]} Qxc3 {[%emt 0:00:02]} 25. Rac1
{[%emt 0:00:05]} Qb4 {[%emt 0:00:02]} 26. Ne4 {[%emt 0:00:09]} O-O {[%emt 0:00:
10]} 27. h5 {[%emt 0:00:04]} Rfc8 {[%emt 0:00:03]} 28. hxg6 {[%emt 0:00:06]}
fxg6 {[%emt 0:00:02]} 29. Qg4 {[%emt 0:00:16]} Kf7 {[%emt 0:00:04]} 30. Qf3 {
[%emt 0:00:51]} Be7 {[%emt 0:00:14]} 31. Kg3 {[%emt 0:00:18]} b2 {[%emt 0:00:
03]} 32. Rb1 {[%emt 0:00:04]} Rab8 {[%emt 0:00:02]} 33. Nf2 {[%emt 0:00:20]}
Qd2 {[%emt 0:00:20] '} 34. Ng4 {[%emt 0:00:03]} Bd6 {[%emt 0:00:01]} 35. Rh7 {
[%emt 0:00:05]} Rc1 {[%emt 0:00:20]} 36. Qe4 {[%emt 0:00:03]} Qe1+ {[%emt 0:00:
04]} 37. Kf3 {[%emt 0:00:02]} Qf1+ {[%emt 0:00:18]} 38. Kg3 {[%emt 0:00:01]}
Qg1+ {[%emt 0:00:01]} 39. Kf3 {[%emt 0:00:01]} Rf1+ {[%emt 0:00:07]} 40. Rxf1 {
[%emt 0:00:02]} Qxf1+ {[%emt 0:00:01]} 41. Kg3 {[%emt 0:00:01]} Bxf4+ {[%emt 0:
00:07]} 42. exf4 {[%emt 0:00:03]} Rb3+ {[%emt 0:00:01]} 43. Kh4 {[%emt 0:00:07]
} Qh3# {[%emt 0:00:03]} 0-1

[Event "T-Director's Swiss sytem"]
[Site "playchess.com #662980"]
[Date "2014.03.16"]
[Round "2"]
[White "Kokkinoskoufitsa"]
[Black "henrid"]
[Result "1-0"]
[WhiteElo "2123"]
[BlackElo "1540"]
[PlyCount "69"]
[EventDate "2014.03.16"]
[EventType "swiss (blitz)"]

1. d4 {[%emt 0:00:02]} d5 {[%emt 0:00:02]} 2. c4 {[%emt 0:00:04]} e6 {[%emt 0:
00:03]} 3. Nc3 {[%emt 0:00:02]} Nf6 {[%emt 0:00:01]} 4. cxd5 {[%emt 0:00:04]}
exd5 {[%emt 0:00:05]} 5. Bg5 {[%emt 0:00:03]} Be7 {[%emt 0:00:09]} 6. e3 {
[%emt 0:00:06]} O-O {[%emt 0:00:02]} 7. Bd3 {[%emt 0:00:02]} h6 {[%emt 0:00:07]
} 8. Bh4 {[%emt 0:00:02]} Nbd7 {[%emt 0:00:01]} 9. Nge2 {[%emt 0:00:05]} b6 {
[%emt 0:00:06]} 10. O-O {[%emt 0:00:33]} Bb7 {[%emt 0:00:03]} 11. Bf5 {[%emt 0:
00:07]} Rc8 {[%emt 0:00:18]} 12. Qa4 {[%emt 0:00:13]} Ra8 {[%emt 0:00:54]} 13.
Rfd1 {[%emt 0:00:26]} g6 {[%emt 0:00:32]} 14. Bxd7 {[%emt 0:00:09]} Qxd7 {
[%emt 0:00:06]} 15. Qxd7 {[%emt 0:00:03]} Nxd7 {[%emt 0:00:11]} 16. Bxe7 {
[%emt 0:00:00]} Rfe8 {[%emt 0:00:02]} 17. Bh4 {[%emt 0:00:02]} g5 {[%emt 0:00:
18]} 18. Bg3 {[%emt 0:00:03]} Rac8 {[%emt 0:00:05]} 19. Nb5 {[%emt 0:00:04]}
Ba6 {[%emt 0:00:10]} 20. Nec3 {[%emt 0:00:03]} Nf6 {[%emt 0:00:43]} 21. Nxc7 {
[%emt 0:00:04]} Rxc7 {[%emt 0:00:09]} 22. Bxc7 {[%emt 0:00:02]} Rc8 {[%emt 0:
00:05]} 23. Be5 {[%emt 0:00:03]} Ne4 {[%emt 0:00:07]} 24. Nxd5 {[%emt 0:00:06]}
Rc2 {[%emt 0:00:08]} 25. f3 {[%emt 0:00:03]} Nd2 {[%emt 0:00:22]} 26. Rac1 {
[%emt 0:00:09]} Rxb2 {[%emt 0:00:09]} 27. Rc7 {[%emt 0:00:15]} Be2 {[%emt 0:00:
19]} 28. Rxd2 {[%emt 0:01:36] .} Rxd2 {[%emt 0:00:09] Kokkinoskoufitsa
reconnected.} 29. Rxa7 {[%emt 0:00:45]} Bc4 {[%emt 0:00:08]} 30. Ne7+ {[%emt 0:
00:03]} Kh7 {[%emt 0:00:04]} 31. Bf6 {[%emt 0:00:01]} Bxa2 {[%emt 0:00:05]} 32.
Ra8 {[%emt 0:00:02]} Rd1+ {[%emt 0:00:19]} 33. Kf2 {[%emt 0:00:02]} Rd2+ {
[%emt 0:00:01]} 34. Kg3 {[%emt 0:00:01]} g4 {[%emt 0:00:06]} 35. Rh8# {[%emt 0:
00:03]} 1-0

[Event "T-Director's Swiss sytem"]
[Site "playchess.com #662980"]
[Date "2014.03.16"]
[Round "7"]
[White "Kpakpa"]
[Black "El Viento"]
[Result "0-1"]
[WhiteElo "1360"]
[BlackElo "1062"]
[PlyCount "20"]
[EventDate "2014.03.16"]
[EventType "swiss (blitz)"]

1. e4 {[%emt 0:00:05]} g6 {[%emt 0:00:07]} 2. Nf3 {[%emt 0:00:01]} Bg7 {[%emt
0:00:03]} 3. c3 {[%emt 0:00:21]} e6 {[%emt 0:00:07]} 4. Be2 {[%emt 0:00:02]}
Ne7 {[%emt 0:00:03]} 5. d4 {[%emt 0:00:28]} O-O {[%emt 0:00:10]} 6. O-O {[%emt
0:00:15]} d6 {[%emt 0:00:10]} 7. Nbd2 {[%emt 0:00:04]} Nd7 {[%emt 0:00:03]} 8.
Re1 {[%emt 0:00:22]} b6 {[%emt 0:00:06]} 9. Bd3 {[%emt 0:00:01]} Bb7 {[%emt 0:
00:03]} 10. Bc2 {[%emt 0:01:04]} c5 {[%emt 0:00:23] Arbiter Decision 
(Adjudicated by T-Director, lag), 0} 0-1

[Event "T-Director's Swiss sytem"]
[Site "playchess.com #662980"]
[Date "2014.03.16"]
[Round "4"]
[White "Kpakpa"]
[Black "Ericozi"]
[Result "1-0"]
[WhiteElo "1335"]
[BlackElo "1394"]
[PlyCount "89"]
[EventDate "2014.03.16"]
[EventType "swiss (blitz)"]

1. e4 {[%emt 0:00:03]} e6 {[%emt 0:00:08]} 2. d4 {[%emt 0:00:05]} d5 {[%emt 0:
00:05]} 3. c4 {[%emt 0:00:03]} c6 {[%emt 0:00:02]} 4. cxd5 {[%emt 0:00:04]}
cxd5 {[%emt 0:00:02]} 5. Bb5+ {[%emt 0:00:04]} Nc6 {[%emt 0:00:05]} 6. e5 {
[%emt 0:00:02]} Bd7 {[%emt 0:00:19]} 7. Nf3 {[%emt 0:00:02]} h6 {[%emt 0:00:04]
} 8. Nc3 {[%emt 0:00:04]} Qc7 {[%emt 0:00:05]} 9. O-O {[%emt 0:00:03]} a6 {
[%emt 0:00:24]} 10. Ba4 {[%emt 0:00:06]} b5 {[%emt 0:00:05]} 11. Bc2 {[%emt 0:
00:02]} Nge7 {[%emt 0:00:07]} 12. Bd2 {[%emt 0:00:03]} Nc8 {[%emt 0:00:17]} 13.
Rc1 {[%emt 0:00:03]} Nb6 {[%emt 0:00:17] Kpakpa reconnected.} 14. b3 {[%emt 0:
00:17]} Be7 {[%emt 0:00:07]} 15. Bb1 {[%emt 0:00:02]} Qb7 {[%emt 0:00:29]} 16.
Qc2 {[%emt 0:00:08]} O-O-O {[%emt 0:00:09]} 17. a4 {[%emt 0:00:04]} Nb4 {[%emt
0:00:07]} 18. Qd1 {[%emt 0:00:27]} Kb8 {[%emt 0:00:03]} 19. axb5 {[%emt 0:00:
05]} Bxb5 {[%emt 0:00:08]} 20. Nxb5 {[%emt 0:00:09]} axb5 {[%emt 0:00:03]} 21.
Qe1 {[%emt 0:00:04]} Rc8 {[%emt 0:00:04]} 22. Bxb4 {[%emt 0:00:05]} Bxb4 {
[%emt 0:00:03]} 23. Qxb4 {[%emt 0:00:03]} Nd7 {[%emt 0:00:07]} 24. Bd3 {[%emt
0:00:09]} Rxc1 {[%emt 0:00:08]} 25. Rxc1 {[%emt 0:00:03]} g6 {[%emt 0:00:08]}
26. Qd6+ {[%emt 0:00:03]} Ka8 {[%emt 0:00:33]} 27. Ra1+ {[%emt 0:00:03]} Qa7 {
[%emt 0:00:03]} 28. Rxa7+ {[%emt 0:00:03]} Kxa7 {[%emt 0:00:01]} 29. Qxd7+ {
[%emt 0:00:01]} Kb6 {[%emt 0:00:05]} 30. Qxb5+ {[%emt 0:00:02]} Kc7 {[%emt 0:
00:01]} 31. Kf1 {[%emt 0:00:05]} Ra8 {[%emt 0:00:03]} 32. Nd2 {[%emt 0:00:03]}
Ra1+ {[%emt 0:00:04]} 33. Ke2 {[%emt 0:00:03]} Ra2 {[%emt 0:00:02]} 34. Qc5+ {
[%emt 0:00:09]} Kd8 {[%emt 0:00:03]} 35. b4 {[%emt 0:00:02]} h5 {[%emt 0:00:05]
} 36. b5 {[%emt 0:00:02]} Ra8 {[%emt 0:00:04]} 37. b6 {[%emt 0:00:04]} Rb8 {
[%emt 0:00:01]} 38. Qc7+ {[%emt 0:00:03]} Ke8 {[%emt 0:00:02]} 39. Qxb8+ {
[%emt 0:00:01]} Ke7 {[%emt 0:00:02]} 40. Qc7+ {[%emt 0:00:01]} Kf8 {[%emt 0:00:
01]} 41. b7 {[%emt 0:00:01]} Kg7 {[%emt 0:00:01]} 42. b8=Q {[%emt 0:00:01]} Kh6
{[%emt 0:00:01]} 43. Qxf7 {[%emt 0:00:05]} Kg5 {[%emt 0:00:04]} 44. Qd8+ {
[%emt 0:00:03]} Kh6 {[%emt 0:00:03]} 45. Qxg6# {[%emt 0:00:03]} 1-0

[Event "T-Director's Swiss sytem"]
[Site "playchess.com #662980"]
[Date "2014.03.16"]
[Round "6"]
[White "Kpakpa"]
[Black "Nbm02"]
[Result "0-1"]
[WhiteElo "1395"]
[BlackElo "1540"]
[PlyCount "68"]
[EventDate "2014.03.16"]
[EventType "swiss (blitz)"]

1. e4 {[%emt 0:00:02]} c5 {[%emt 0:00:01]} 2. Nf3 {[%emt 0:00:01]} Nc6 {[%emt
0:00:05]} 3. c3 {[%emt 0:00:02]} e6 {[%emt 0:00:02]} 4. Qc2 {[%emt 0:00:03]}
Qc7 {[%emt 0:00:02]} 5. Be2 {[%emt 0:00:02]} Nf6 {[%emt 0:00:04]} 6. O-O {
[%emt 0:00:02]} h5 {[%emt 0:00:03]} 7. Re1 {[%emt 0:00:04]} Bd6 {[%emt 0:00:03]
} 8. d4 {[%emt 0:00:05]} cxd4 {[%emt 0:00:03]} 9. cxd4 {[%emt 0:00:02]} Nb4 {
[%emt 0:00:52]} 10. Qxc7 {[%emt 0:00:35]} Bxc7 {[%emt 0:00:04]} 11. e5 {[%emt
0:00:04]} Ng4 {[%emt 0:00:21]} 12. Na3 {[%emt 0:00:12]} a6 {[%emt 0:00:07]} 13.
h3 {[%emt 0:00:14]} Nh6 {[%emt 0:00:04]} 14. Bf4 {[%emt 0:00:07]} b5 {[%emt 0:
00:10]} 15. Rec1 {[%emt 0:00:06]} Bb6 {[%emt 0:00:08]} 16. Kf1 {[%emt 0:00:25]}
Nf5 {[%emt 0:00:06]} 17. Be3 {[%emt 0:00:08]} Bb7 {[%emt 0:00:03]} 18. g4 {
[%emt 0:00:11]} hxg4 {[%emt 0:00:07]} 19. hxg4 {[%emt 0:00:02]} Nxe3+ {[%emt 0:
00:09]} 20. fxe3 {[%emt 0:00:03]} Rh1+ {[%emt 0:00:25]} 21. Kf2 {[%emt 0:00:02]
} Rh3 {[%emt 0:00:04]} 22. Ng1 {[%emt 0:00:10]} Rh2+ {[%emt 0:00:08]} 23. Ke1 {
[%emt 0:00:05]} Ke7 {[%emt 0:00:19]} 24. Nc2 {[%emt 0:00:10]} Nxc2+ {[%emt 0:
00:31]} 25. Rxc2 {[%emt 0:00:02]} Ba5+ {[%emt 0:00:02]} 26. Kf1 {[%emt 0:00:04]
} Be4 {[%emt 0:00:06]} 27. Rc5 {[%emt 0:00:09]} Bd2 {[%emt 0:00:13]} 28. Bf3 {
[%emt 0:00:22]} Bxf3 {[%emt 0:00:11]} 29. Nxf3 {[%emt 0:00:04]} Rh1+ {[%emt 0:
00:02]} 30. Ng1 {[%emt 0:00:05]} Bxe3 {[%emt 0:00:02]} 31. Kg2 {[%emt 0:00:02]}
Rah8 {[%emt 0:00:06]} 32. Rac1 {[%emt 0:00:05]} Bxc1 {[%emt 0:00:05]} 33. Rxc1
{[%emt 0:00:02]} R8h2+ {[%emt 0:00:02]} 34. Kf3 {[%emt 0:00:12]} Rxb2 {[%emt 0:
00:05] Kpakpa abandonne  (Lag: Av=1.30s, max=7.2s)} 0-1

[Event "T-Director's Swiss sytem"]
[Site "playchess.com #662980"]
[Date "2014.03.16"]
[Round "1"]
[White "Kpakpa"]
[Black "Schoutenj"]
[Result "0-1"]
[WhiteElo "1399"]
[BlackElo "2010"]
[PlyCount "26"]
[EventDate "2014.03.16"]
[EventType "swiss (blitz)"]

1. e4 {[%emt 0:00:02]} c5 {[%emt 0:00:01]} 2. Nf3 {[%emt 0:00:02]} Nc6 {[%emt
0:00:01]} 3. d4 {[%emt 0:00:03]} cxd4 {[%emt 0:00:01]} 4. Nxd4 {[%emt 0:00:02]}
e5 {[%emt 0:00:00]} 5. Nxc6 {[%emt 0:00:02]} bxc6 {[%emt 0:00:01]} 6. c3 {
[%emt 0:00:02]} Nf6 {[%emt 0:00:01]} 7. Bd3 {[%emt 0:00:04]} d5 {[%emt 0:00:03]
} 8. exd5 {[%emt 0:00:03]} cxd5 {[%emt 0:00:01]} 9. Bg5 {[%emt 0:00:02]} Be7 {
[%emt 0:00:02]} 10. Bxf6 {[%emt 0:00:02]} Bxf6 {[%emt 0:00:01]} 11. O-O {[%emt
0:00:03]} O-O {[%emt 0:00:01]} 12. Re1 {[%emt 0:00:03]} Re8 {[%emt 0:00:02]}
13. Qb3 {[%emt 0:00:04]} Be6 {[%emt 0:00:32] . Temps  (Lag: Av=0.86s, max=4.7s)
} 0-1